| 000 | 00858nam a2200241 u 4500 | ||
|---|---|---|---|
| 005 | 20251111121414.0 | ||
| 008 | 161018s2011 fr r 000 0 fre d | ||
| 020 | _a9789994483556 | ||
| 035 | _aUPN01000213991 | ||
| 049 | _aUNE | ||
| 050 | 4 |
_aLB1775.4 A3 _bA3.4 |
|
| 100 | 1 |
_aAdedeji, Olugbenga _940886 |
|
| 245 | 1 | 2 |
_aL'amélioration des conditions des enseignants et de l'enseignement en milieu rural en Afrique / _cOlugbenga Adedeji, Olanrewaju Olaniyan. |
| 260 |
_aParís : _bUNESCO, _c2011. |
||
| 300 |
_a96 p. : _bil., gráfs., tablas |
||
| 440 | 0 |
_aPrincipes du dévelopment de la formation des enseignants ; _v2 |
|
| 650 | 4 |
_aMAESTROS - _zAFRICA _926177 |
|
| 650 | 4 |
_aMAESTROS - _xCONDICIONES ECONOMICAS _99207 |
|
| 650 | 4 |
_aEducación rural _zÁfrica _926178 |
|
| 700 | 1 |
_aOlaniyan, Olanrewaju, _ecoaut. |
|
| 905 | _aLibro | ||
| 999 |
_c186091 _d186091 |
||